Religion Quiz

Random Religion or Book Quiz

7 or 8 Letter Bible Book Match-Up Quiz Stats

 Plays Quiz Updated May 28, 2015

Challenge
Share
Tweet
Score 0/11 Timer 02:00
5 Plays Today
% Correct
GEN
96%
EZ
91.3%
HE
88.3%
NU
86.4%
MA
85.4%
PR
85.1%
OBA
83%
JE
83%
NEH
79.7%
PHI
76.3%
HAB
75.3%

You're not logged in!

Compare scores with friends on all Sporcle quizzes.
Join for Free
OR
Log In

You Might Also Like...

Show Comments

Extras

Top Quizzes Today


Score Distribution

Your Account Isn't Verified!

In order to create a playlist on Sporcle, you need to verify the email address you used during registration. Go to your Sporcle Settings to finish the process.

Report this User

Report this user for behavior that violates our Community Guidelines.

Details: